Sociolinguistic Study of Wakhi Language of Northern Pakistan (Record no. 327009)
[ view plain ]
| 000 -LEADER | |
|---|---|
| fixed length control field | 00391 a2200133 4500 |
| 001 - CONTROL NUMBER | |
| control field | 91936 |
| 082 ## - DEWEY DECIMAL CLASSIFICATION NUMBER | |
| Classification number | 306.44955491 NAD |
| 090 ## - LOCALLY ASSIGNED LC-TYPE CALL NUMBER (OCLC); LOCAL CALL NUMBER (RLIN) | |
| -- | 43884 |
| -- | 43883 |
| 100 ## - MAIN ENTRY--PERSONAL NAME | |
| Personal name | Nadeem Shafiq Malik, Dr. |
| 245 ## - TITLE STATEMENT | |
| Title | Sociolinguistic Study of Wakhi Language of Northern Pakistan |
| Number of part/section of a work | English |
| 260 ## - PUBLICATION, DISTRIBUTION, ETC. | |
| Place of publication, distribution, etc. | Islamabad |
| Name of publisher, distributor, etc. | NUST |
| Date of publication, distribution, etc. | 2014 |
| 300 ## - PHYSICAL DESCRIPTION | |
| Extent | ix, 222 |
| Other physical details | Hb |
| 650 ## - SUBJECT ADDED ENTRY--TOPICAL TERM | |
| Topical term or geographic name entry element | Socio linguistics Wakhi language |
| 942 ## - ADDED ENTRY ELEMENTS (KOHA) | |
| Institution code [OBSOLETE] | CAE NUST |
| Call number prefix | 306.44955491 NAD |
| Withdrawn status | Lost status | Damaged status | Not for loan | Collection code | Permanent Location | Current Location | Date acquired | Total Checkouts | Full call number | Barcode | Date last seen | Price effective from | Koha item type |
|---|---|---|---|---|---|---|---|---|---|---|---|---|---|
| College of Aeronautical Engineering (CAE) | College of Aeronautical Engineering (CAE) | 04/03/2017 | 306.44955491 NAD | CAE88085 | 04/05/2017 | 04/05/2017 | Book | ||||||
| College of Aeronautical Engineering (CAE) | College of Aeronautical Engineering (CAE) | 04/03/2017 | 306.44955491 NAD | CAEN-6251 | 04/05/2017 | 04/05/2017 | Book |
